[Event "38th Asia-ch U20"]
[Site "New Delhi IND"]
[Date "2016.05.10"]
[Round "8"]
[White "Rahul, Srivatshav P"]
[Black "Srijit, Paul"]
[Result "1/2-1/2"]
[WhiteElo "2313"]
[BlackElo "2053"]
[EventDate "2016.05.04"]
[PlyCount "0"]

1.d4 f5 2.Nc3 Nf6 3.Bg5 d5 4.f3 h6 5.Bxf6 exf6 6.Nh3 Be6 7.e4 fxe4 8.fxe4 
Qe7 9.Bd3 Nc6 10.O-O dxe4 11.Bxe4 O-O-O 12.Bxc6 bxc6 13.Qf3 Bxh3 14.Qxh3+ 
Qd7 15.Qf3 Qxd4+ 16.Kh1 Qc5 17.Rad1 Bd6 18.Qg4+ Kb7 19.Ne4 Qe5 20.Nxd6+ 
Rxd6 21.Rxd6 Qxd6 22.Qxg7 Re8 23.Qxh6 Re2 24.h3 Qg3 25.Rg1 Qf2 26.Qf8 Rxc2
27.Qb4+ Ka8 28.Qf8+ Kb7 29.Qb4+ Qb6 30.Qxb6+ axb6 31.Rb1 Kc8 32.Kh2 Kd7 
33.Kg3 Ke6 34.h4 c5 35.Kf3 b5 36.g4 c4 37.Ke3 Rh2 38.h5 Ke5 39.Kf3 Rh3+ 
40.Kg2 Rd3 41.h6 Kf4 42.h7 Rd8 43.Rf1+ Kg5 44.Rf5+ Kg6 45.Rh5 Rh8 46.Rxb5 
Rxh7 47.a4 Rd7 48.Kf3 c3 49.bxc3 Rd3+ 50.Ke4 Rxc3 51.Ra5 Rc4+ 52.Kf3 c5 
53.Ra8 Kg5 54.a5 Ra4 55.a6 Ra3+ 56.Ke4 Kxg4 57.Rg8+ Kh5 58.Rh8+ Kg6 59.
Rg8+ Kh7 60.Ra8 c4 61.Kf5 c3 62.Ra7+ Kh6 63.Rc7 Rxa6 64.Rxc3 1/2-1/2

[Event "38th Asia-ch U20"]
[Site "New Delhi IND"]
[Date "2016.05.10"]
[Round "8"]
[White "Rakesh, Kumar Jena"]
[Black "Rakesh, Kumar Nayak"]
[Result "1/2-1/2"]
[WhiteElo "2179"]
[BlackElo "2156"]
[EventDate "2016.05.04"]
[PlyCount "0"]

1.Nf3 d5 2.d4 Nf6 3.Bf4 g6 4.e3 Bg7 5.Bd3 O-O 6.Nbd2 b6 7.Qe2 Bb7 8.h4 c5 
9.c3 Nbd7 10.O-O-O a6 11.Kb1 b5 12.dxc5 Nxc5 13.Bc2 Qb6 14.Be5 Ncd7 15.Bd4
Qc7 16.e4 e5 17.Be3 a5 18.exd5 Bxd5 19.h5 a4 20.a3 Rfc8 21.Rc1 Qb7 22.hxg6
fxg6 23.Ng5 h6 24.Ngf3 b4 25.cxb4 Bf7 26.Qd3 e4 27.Nxe4 Nxe4 28.Qxe4 Rxc2 
29.Qxc2 Qd5 30.Qd2 Qa2+ 31.Kc2 Qb3+ 32.Kb1 Qa2+ 33.Kc2 Qb3+ 34.Kb1 Ne5 35.
Nxe5 Qa2+ 36.Kc2 Qb3+ 37.Kb1 Qa2+ 38.Kc2 Qb3+ 1/2-1/2

[Event "38th Asia-ch U20"]
[Site "New Delhi IND"]
[Date "2016.05.10"]
[Round "8"]
[White "Gajwa, Ankit"]
[Black "Ganesh, R"]
[Result "1-0"]
[WhiteElo "2288"]
[BlackElo "2093"]
[EventDate "2016.05.04"]
[PlyCount "0"]

1.e4 c5 2.Nf3 e6 3.g3 a6 4.Bg2 b5 5.O-O Bb7 6.Re1 d6 7.d4 cxd4 8.Nxd4 Nf6 
9.a4 b4 10.c3 d5 11.e5 Nfd7 12.cxb4 Bxb4 13.Bd2 Bxd2 14.Nxd2 Qb6 15.Qb3 
Nc6 16.Qxb6 Nxb6 17.Nxc6 Bxc6 18.a5 Nc8 19.Rec1 Ne7 20.Nb3 Ra7 21.Bf1 O-O 
22.Nc5 Rb8 23.Rab1 Bb5 24.b4 g5 25.f4 h6 26.Bxb5 Rxb5 27.Kf2 Ra8 28.Nd3 
Rab8 29.Rc7 Ng6 30.Rb2 Ra8 31.Rbc2 gxf4 32.gxf4 Rab8 33.Rc8+ Kg7 34.Rxb8 
Rxb8 35.Rc6 Ra8 36.Ke3 Ne7 37.Rb6 d4+ 38.Kxd4 Nd5 39.Rd6 Kg6 40.Rd7 Rb8 
41.Kc4 Rc8+ 42.Kd4 Rb8 43.Kc5 Rc8+ 44.Kd4 Rb8 45.Kc4 Rc8+ 46.Nc5 Nxf4 47.
Ra7 Kf5 48.Rxf7+ Kxe5 49.Ra7 Kf5 50.Rxa6 e5 51.b5 e4 52.b6 e3 53.b7 Rxc5+ 
54.Kxc5 e2 55.b8=Q e1=Q 56.Qf8+ Kg4 57.Qg7+ 1-0

[Event "38th Asia-ch U20"]
[Site "New Delhi IND"]
[Date "2016.05.11"]
[Round "9"]
[White "Mousavi, Seyed Khalil"]
[Black "Sunilduth Lyna, Narayanan"]
[Result "1/2-1/2"]
[WhiteElo "2425"]
[BlackElo "2507"]
[EventDate "2016.05.04"]
[PlyCount "0"]

1.c4 e5 2.Nc3 Nf6 3.Nf3 Nc6 4.e4 d6 5.d4 Bg4 6.d5 Nd4 7.Be3 Nxf3+ 8.gxf3 
Bd7 9.Qd2 Be7 10.Rg1 Nh5 11.Ne2 c6 12.f4 exf4 13.Nxf4 Nxf4 14.Bxf4 g6 15.
dxc6 Bxc6 16.O-O-O O-O 17.f3 Re8 18.Kb1 Ba4 19.b3 Bc6 20.Be3 a5 21.a4 Bf6 
22.Bd3 Bg7 23.Ka2 Re5 24.Bg5 Qb6 25.Bf4 Rh5 26.Rg5 Rh3 27.Be3 Bd4 28.Bxd4 
Qxd4 29.Rg3 Rh5 30.Bc2 Qxd2 31.Rxd2 Re8 32.Kb2 Re6 33.Kc3 Kf8 34.Rdg2 h6 
35.Kd4 Ke7 36.Rg4 Rh3 37.R4g3 Rh5 38.Rg4 Rh3 39.R4g3 Rh5 1/2-1/2

[Event "38th Asia-ch U20"]
[Site "New Delhi IND"]
[Date "2016.05.11"]
[Round "9"]
[White "Aravindh, Chithambaram Vr"]
[Black "Javanbakht, Nima"]
[Result "1-0"]
[WhiteElo "2528"]
[BlackElo "2417"]
[EventDate "2016.05.04"]
[PlyCount "0"]

1.Nf3 d5 2.g3 Bg4 3.Bg2 c6 4.O-O Nd7 5.d3 Ngf6 6.Nbd2 e5 7.e4 Bd6 8.Qe1 
O-O 9.h3 Bh5 10.Nh4 Re8 11.Nf5 Bf8 12.Nf3 dxe4 13.dxe4 Nc5 14.N3h4 Qb6 15.
b3 Ne6 16.Be3 Bc5 17.Nd6 Red8 18.Nc4 Qc7 19.Bxc5 Nxc5 20.f4 exf4 21.e5 f3 
22.Bxf3 Bxf3 23.Rxf3 Nd5 24.Nf5 f6 25.Ncd6 Re8 26.Qf2 Ne6 27.exf6 Ng5 28.
f7+ Qxf7 29.Nxf7 Nxh3+ 30.Kg2 Nxf2 31.Kxf2 Kxf7 32.Nd6+ Kg6 33.Nxe8 Rxe8 
34.Re1 Rd8 35.Kg2 Rd7 36.Rd3 h5 37.Re6+ Kf5 38.Re2 Kg6 39.Kg1 Rc7 40.c4 
Nf6 41.Kg2 Kf7 42.a4 Rc8 43.a5 a6 44.Re5 c5 45.Rf3 Kg6 46.Re7 Rb8 47.Rc7 
Ne4 48.Rff7 b5 49.Rxg7+ Kf5 50.Rgf7+ Kg6 51.Rf4 Nd2 52.Rc6+ Kg7 53.Rxa6 
Nxb3 54.cxb5 Rxb5 55.Rb6 1-0

[Event "38th Asia-ch U20"]
[Site "New Delhi IND"]
[Date "2016.05.11"]
[Round "9"]
[White "Rajdeep, Sarkar"]
[Black "Karthikeyan, Murali"]
[Result "1/2-1/2"]
[WhiteElo "2217"]
[BlackElo "2518"]
[EventDate "2016.05.04"]
[PlyCount "0"]

1.d4 Nf6 2.Nf3 g6 3.Nbd2 Bg7 4.e4 d6 5.g3 O-O 6.Bg2 c5 7.c3 cxd4 8.cxd4 
Bg4 9.h3 Bxf3 10.Qxf3 Nc6 11.Nb3 a5 12.d5 Nb4 13.O-O a4 14.Nd2 Nd7 15.Nc4 
Qc7 16.Na3 Rfc8 17.Qe2 Ne5 18.Bd2 Qb6 19.Bc3 Ned3 20.Bxg7 Kxg7 21.Rfd1 Ne5
22.Kh2 Rc7 23.f4 Ned3 24.Rab1 Rac8 25.b3 Rc3 26.Nc4 Qd4 27.Rd2 axb3 28.
axb3 b5 29.Na5 Rc1 30.Rxc1 Rxc1 31.Rd1 Rxd1 32.Qxd1 Qc3 33.Nc6 Nxc6 34.
dxc6 Nb4 35.e5 Nxc6 36.exd6 exd6 37.Qxd6 Nb4 38.Bf1 Nc6 39.Bxb5 Qb2+ 40.
Kh1 Qc1+ 41.Kh2 Qb2+ 42.Kh1 Nd4 43.Qe5+ f6 44.Qe7+ Kh6 45.Qf8+ Kh5 46.Qxf6
Qc1+ 47.Kh2 Qc2+ 48.Kh1 Qe4+ 49.Kg1 Qe3+ 50.Kg2 Qe4+ 51.Kg1 1/2-1/2

[Event "38th Asia-ch U20"]
[Site "New Delhi IND"]
[Date "2016.05.11"]
[Round "9"]
[White "Harsha, Bharathakoti"]
[Black "Mosadeghpour, Masoud"]
[Result "1-0"]
[WhiteElo "2329"]
[BlackElo "2481"]
[EventDate "2016.05.04"]
[PlyCount "0"]

1.d4 Nf6 2.c4 g6 3.f3 c5 4.d5 Bg7 5.e4 d6 6.Nc3 O-O 7.Nge2 Nbd7 8.Ng3 h5 
9.Be2 Qb6 10.O-O Ne8 11.Nh1 Bd4+ 12.Nf2 Nc7 13.f4 Nf6 14.Kh1 e6 15.Bd3 Re8
16.Qc2 Bd7 17.f5 e5 18.Nh3 gxf5 19.exf5 Bxc3 20.bxc3 e4 21.Qd2 Nh7 22.Be2 
e3 23.Qe1 Re5 24.Qg3+ Kf8 25.Bxe3 Ke7 26.f6+ Nxf6 27.Rxf6 Kxf6 28.Rf1+ Ke7
29.Bg5+ Kf8 30.Bh6+ Ke7 31.Bg5+ Kf8 32.Bf6 Ne8 33.Bxe5 dxe5 34.Bxh5 f5 35.
Qxe5 Qf6 36.Qe3 Ng7 37.Qxc5+ Kg8 38.Bf3 Rc8 39.Qxa7 Qxc3 40.Qxb7 Qxc4 41.
Rd1 Rc7 42.Qb8+ Rc8 43.Qb7 Rc7 44.Qb3 Qxb3 45.axb3 Rc3 46.Rb1 Ne8 47.Nf4 
Nd6 48.b4 Kf7 49.h3 Kf6 50.Ne6 Nc4 51.Nc5 Bb5 52.Be2 Na3 53.Rb2 Be8 54.d6 
Bc6 55.Kh2 Nc2 56.b5 Rxc5 57.bxc6 Rxc6 58.d7 Ke7 59.Bb5 Rb6 60.Rxc2 Rxb5 
61.Rd2 Kd8 62.Kg3 Rb4 63.Kf3 Rh4 64.Rd3 1-0

[Event "38th Asia-ch U20"]
[Site "New Delhi IND"]
[Date "2016.05.11"]
[Round "9"]
[White "Gandhi, Anish"]
[Black "Rahul, Srivatshav P"]
[Result "0-1"]
[WhiteElo "2156"]
[BlackElo "2347"]
[EventDate "2016.05.04"]
[PlyCount "0"]

1.e4 c5 2.Nf3 e6 3.d4 cxd4 4.Nxd4 Nc6 5.Nc3 Qc7 6.Be2 Nf6 7.Bg5 Bb4 8.O-O 
a6 9.Nxc6 bxc6 10.Qd4 Bd6 11.f4 e5 12.Qe3 Rb8 13.Rad1 Rxb2 14.Bc4 Rb4 15.
Bb3 Rf8 16.Kh1 h6 17.fxe5 Bxe5 18.Bf4 Bxf4 19.Rxf4 Qe5 20.Rf5 Qxh2+ 21.
Kxh2 Ng4+ 22.Kg3 Nxe3 23.Re5+ Kd8 24.Rd3 f5 25.a3 Nf1+ 26.Kh4 fxe4 27.Rd1 
Rb8 28.Nxe4 Rf4+ 29.g4 d5 30.Bxd5 Ne3 31.Rd3 Nxd5 32.c4 Rxg4+ 33.Kh5 Rb1 
34.Nf2 Rxc4 0-1

[Event "38th Asia-ch U20"]
[Site "New Delhi IND"]
[Date "2016.05.11"]
[Round "9"]
[White "Sammed Jaykumar, Shete"]
[Black "Nayak, Rajesh"]
[Result "1-0"]
[WhiteElo "2253"]
[BlackElo "2028"]
[EventDate "2016.05.04"]
[PlyCount "0"]

1.e4 g6 2.d4 Bg7 3.Nc3 d6 4.Be3 a6 5.a4 Nd7 6.f3 c5 7.Nge2 cxd4 8.Nxd4 
Ngf6 9.Bc4 O-O 10.O-O Ne5 11.Bb3 Bd7 12.a5 Rc8 13.Qe2 Qc7 14.Rfd1 Nc4 15.
Bxc4 Qxc4 16.Ra3 Qxe2 17.Ndxe2 Be6 18.Nd4 Nd7 19.Nxe6 fxe6 20.Rb3 Nc5 21.
Rb4 Rc6 22.Ne2 b5 23.axb6 Rb8 24.b7 Rc7 25.Bxc5 Rxc5 26.Ra1 a5 27.Rb3 Kf7 
28.c3 Bh6 29.Kf2 e5 30.Rb6 Rc7 31.Rxa5 Rcxb7 32.Rxb7 Rxb7 33.b4 e6 34.g3 
Bd2 35.f4 exf4 36.gxf4 Rc7 37.Ra3 d5 38.exd5 exd5 39.b5 g5 40.b6 Rc8 41.
fxg5 Bxg5 42.Ra7+ Be7 43.Rc7 Ra8 44.b7 Rb8 45.Nd4 1-0

[Event "38th Asia-ch U20"]
[Site "New Delhi IND"]
[Date "2016.05.11"]
[Round "9"]
[White "Krishna Teja, N"]
[Black "Rakesh, Kumar Jena"]
[Result "1-0"]
[WhiteElo "2216"]
[BlackElo "2179"]
[EventDate "2016.05.04"]
[PlyCount "0"]

1.d4 d5 2.c4 c6 3.Nf3 Nf6 4.Nc3 a6 5.Bg5 Ne4 6.h4 h6 7.Bf4 Qa5 8.Qc2 Bf5 
9.Qb3 e5 10.Nxe5 Bb4 11.Rc1 Nd7 12.Nxd7 dxc4 13.Qxc4 Bxd7 14.a3 Bxc3+ 15.
bxc3 Qxa3 16.g3 O-O-O 17.Bg2 Be6 18.d5 g5 19.hxg5 hxg5 20.Rxh8 Rxh8 21.
Bxe4 gxf4 22.Rb1 f5 23.Qd4 Rh7 24.Qa7 Qxc3+ 25.Kf1 Qh8 26.Qa8+ Kc7 27.
Qxb7+ Kd8 28.Qb8+ Ke7 29.d6+ Kf6 30.Qb2+ Kf7 31.Qxh8 Rxh8 32.Bxc6 fxg3 33.
fxg3 Rd8 34.Rd1 Bc4 35.Rd4 Bb5 36.Bd5+ Kf6 37.Ba2 Bc6 38.Bb1 Ke5 39.Rf4 
Be4 40.Bxe4 fxe4 41.Kf2 Rxd6 42.Ke3 Rd4 43.Rh4 Ra4 44.Rh5+ Kf6 45.Kf4 Ra1 
46.Rh6+ Kg7 47.Re6 a5 48.Kxe4 a4 49.Ra6 a3 50.Ke5 a2 51.e4 Kf7 52.Ra7+ Kg6
53.Ra8 Kg5 54.Rg8+ Kh6 55.Rh8+ Kg5 56.Rg8+ Kh6 57.Ra8 Kg5 58.Ra4 Kg6 59.
Ra5 Kg7 60.Ra6 Kf7 61.g4 Kg7 62.g5 Kf7 63.Rf6+ Kg7 64.Rf2 Kg6 65.Kf4 Kf7 
66.Kf5 Ke7 67.g6 Kf8 68.Kf6 Re1 69.Rxa2 Rf1+ 70.Ke6 Kg7 71.Rg2 Rf6+ 72.Kd7
Ra6 73.e5 Ra7+ 74.Ke6 Ra6+ 75.Kf5 Ra1 76.Rf2 Ra3 77.Rc2 Rf3+ 78.Ke4 Ra3 
79.Rc6 Ra1 80.Kd5 Ra5+ 81.Kd6 Ra1 82.Kd7 Ra7+ 83.Rc7 Ra8 84.Rc6 Ra7+ 85.
Kd8 Ra8+ 86.Kc7 Re8 87.Kd6 Ra8 88.Kc7 Ra7+ 89.Kb6 Ra8 90.Kc5 Ra5+ 91.Kd6 
Ra8 92.Kd5 Ra5+ 93.Ke4 Ra1 94.Rf6 Re1+ 95.Kf5 Rf1+ 96.Ke6 Ra1 97.Rf2 Ra6+ 
98.Kd7 Ra7+ 99.Kd6 Ra6+ 100.Kd5 Ra5+ 101.Ke4 Ra4+ 102.Kf5 Ra1 103.e6 Re1 
104.Rf4 Re2 105.Re4 Rf2+ 106.Ke5 Kxg6 107.Rg4+ Kh5 108.Rg8 Re2+ 109.Kd6 
Rd2+ 110.Kc7 Rc2+ 111.Kd7 Rd2+ 112.Ke8 Kh6 113.e7 Kh7 114.Rg4 1-0

[Event "38th Asia-ch U20"]
[Site "New Delhi IND"]
[Date "2016.05.11"]
[Round "9"]
[White "Srijit, Paul"]
[Black "Shailesh, Dravid"]
[Result "0-1"]
[WhiteElo "2053"]
[BlackElo "2216"]
[EventDate "2016.05.04"]
[PlyCount "0"]

1.e4 e6 2.d4 d5 3.Nc3 Nf6 4.e5 Nfd7 5.f4 c5 6.Nf3 Be7 7.Be3 O-O 8.Qd2 b6 
9.Nd1 a5 10.Nf2 a4 11.a3 Nc6 12.Bb5 Qc7 13.O-O Ba6 14.Bxa6 Rxa6 15.f5 cxd4
16.Nxd4 Ndxe5 17.Qe2 Nc4 18.Nxc6 Qxc6 19.Bd4 e5 20.Bxe5 Re8 21.Ng4 h5 22.
b3 hxg4 23.bxc4 Bf6 24.cxd5 Qc5+ 25.Kh1 Raa8 26.Qxg4 Rxe5 27.c4 Rae8 28.
Rac1 Qxa3 29.Rb1 Qd3 30.Rfd1 Qxb1 0-1

[Event "38th Asia-ch U20"]
[Site "New Delhi IND"]
[Date "2016.05.11"]
[Round "9"]
[White "Dhulipalla, Bala Chandra Prasad"]
[Black "Saurabh, Anand"]
[Result "0-1"]
[WhiteElo "2280"]
[BlackElo "2065"]
[EventDate "2016.05.04"]
[PlyCount "0"]

1.Nf3 Nf6 2.g3 d5 3.Bg2 Bf5 4.O-O h6 5.d3 e6 6.Nbd2 Be7 7.b3 O-O 8.Bb2 c6 
9.Re1 Nbd7 10.e4 dxe4 11.dxe4 Bh7 12.Qe2 Qc7 13.a3 Nc5 14.Ne5 Nfd7 15.Ng4 
Bg6 16.Nc4 b5 17.Nce5 Nxe5 18.Bxe5 Bd6 19.Bb2 e5 20.h4 Ne6 21.Rad1 Rad8 
22.Rd2 Kh8 23.Ne3 Bc5 24.c3 Bh5 25.g4 Nf4 26.Qd1 Rxd2 27.Qxd2 Rd8 28.Qc2 
Bxe3 29.fxe3 Nd3 30.Rd1 Nxb2 31.Rxd8+ Qxd8 32.gxh5 Qd1+ 33.Qxd1 Nxd1 34.
Bh3 Nxc3 35.Bd7 c5 36.Kf1 b4 37.axb4 cxb4 38.Bc6 g5 39.hxg6 fxg6 40.Ke1 g5
41.hxg5 hxg5 42.Kd2 g4 43.Ke1 a5 44.Bd7 g3 45.Be6 Nxe4 46.Kf1 Nc5 47.Bc4 
a4 48.bxa4 Nxa4 49.Kg2 Nc5 50.Kxg3 b3 51.Kg4 b2 52.Ba2 Ne4 53.Bb1 Nd2 54.
Bd3 e4 55.Bc2 b1=Q 56.Bxb1 Nxb1 57.Kf4 Nd2 58.Kf5 Kh7 0-1